00630 2200229 4500001002100000005001500021035002000036007000300056008004100059020002200100082001200122084001900134100003400153245006600187250001300253260003600266300002900302700002100331504001600352600001600368990001600384INLIS00000000000466020260604023053 a0010-0626000014ta260604 g 0 ind  a978-602-978-399-5 a297.246 a297.246 KHA s0 aKhalifi Elyas Bahar (penulis)1 aSosok Nabi Khidir yang Super Misterius /cKhalifi Elyas Bahar acet. vii aYogyakarta :bDiva Press,c2011 a231 hal :bteks ;c20 cm0 aLa Nina (editor) ahal 229-230 4aNabi Khidir a00000006505